000 00694nam a2200289Ia 4500
005 20260324125852.0
008 008 260324s9999 xx 000 0 eng d
020 _a9780203502365
037 _aEBOOK
040 _aCRL
040 _beng
040 _cCRL
041 _2eng
041 _aeng
084 _qCRL
100 _aStephen Dunn
_91179637
245 4 _aThe 'Uncertain' Foundations of Post Keynesian Economics
245 0 _bEssays in Exploration
260 _bTaylor and Francis
260 _c2008
365 _a
365 _b150
856 _uhttp://www.taylorfrancis.com/books/9780203502365
942 _cEBOOK
999 _c1775266
_d1775266